| 000 | 01132cam a22003135a 4500 | ||
|---|---|---|---|
| 001 | 3073393 | ||
| 005 | 20171109142352.0 | ||
| 008 | 971208t1998 hiu frb 001 0 eng d | ||
| 010 | _a 97047687 | ||
| 020 | _a9780824820565 | ||
| 020 | _a0824820568 | ||
| 040 |
_aDLC _beng _cDLC _dDLC _dEG-ScBUE |
||
| 043 |
_aae----- _aas----- |
||
| 082 | 0 | 4 |
_a330.95 _bTIP _222 |
| 100 | 1 |
_aTipton, Frank B., _d1943- _921203 |
|
| 245 | 1 | 4 |
_aThe rise of Asia : _beconomy, society, and politics in the industrial age / _cFrank B. Tipton. |
| 260 |
_aHonolulu : _bUniversity of Hawaii Press, _cc.1998. |
||
| 300 |
_axiv, 527 p. ; _c22 cm. |
||
| 504 | _aIncludes bibliographical references and index. | ||
| 650 | _2BUEsh | ||
| 651 | 7 |
_aEast Asia _xEconomic conditions. _2BUEsh |
|
| 651 | 7 |
_aSoutheast Asia _xEconomic conditions. _2BUEsh _921205 |
|
| 651 | 7 |
_aEast Asia _xSocial conditions. _2BUEsh _921206 |
|
| 651 | 7 |
_aSoutheast Asia _xSocial conditions. _2BUEsh _921207 |
|
| 651 | 7 |
_aEast Asia _xPolitics and government. _2BUEsh _921208 |
|
| 651 | 7 |
_aSoutheast Asia _xPolitics and government. _2BUEsh |
|
| 653 |
_bBUSECO _cNovember2017 |
||
| 942 | _2ddc | ||
| 999 |
_c25551 _d25523 |
||